| 000 | 01150cam a2200133 4500500 | ||
|---|---|---|---|
| 005 | 20251214002643.0 | ||
| 041 | _afre | ||
| 042 | _adc | ||
| 100 | 1 | 0 |
_aPellat, Charles _eauthor |
| 245 | 0 | 0 | _aLangues et littératures arabes |
| 260 |
_bArmand Colin,
_c2023. |
||
| 520 | _aCe cursus est une introduction à la littérature arabe par l’un des plus grands spécialistes de l’islam et arabisant de la 2e partie du XXe siècle en France. Les grandes lignes du mécanisme et de l’évolution de la langue arabe sont décrites de manière à rendre compréhensible pour le non-spécialiste les tendances et les œuvres d’une littérature si proche de nous et pourtant si lointaine et encore très méconnue du public pour une très grande part. L’auteur ne se contente pas d’accumuler noms, dates et titres d’œuvres. Il contextualise ces données en les resituant dans le cadre plus large des modes d’expressions et des genres littéraires (poésie, prose et prose rimée) à l’honneur chez les arabophones. | ||
| 856 | 4 | 1 | _uhttps://shs.cairn.info/langues-et-litteratures-arabes--9782200635688?lang=fr&redirect-ssocas=7080 |
| 999 |
_c1567296 _d1567296 |
||